[Event "WchT Blitz Pool B"]
[Site "London"]
[Date "2025.06.14"]
[Round "1.4"]
[White "Tin, Jingyao"]
[Black "Vidit, Santosh Gujrathi"]
[Result "0-1"]
[WhiteElo "2583"]
[BlackElo "2720"]
[PlyCount "74"]
[EventDate "2025.06.14"]
[EventType "team-tourn"]
[EventRounds "13"]
[EventCountry "ENG"]
[SourceTitle "CB25_2025"]
[SourceDate "2025.06.18"]
[SourceVersion "1"]
[SourceVersionDate "2025.06.18"]
[SourceQuality "1"]
[WhiteTeam "Theme Int Trading"]
[BlackTeam "Hexamind Team"]
[WhiteTeamCountry "SIN"]
[BlackTeamCountry "USA"]

1. Nf3 d5 2. g3 g6 3. Bg2 Bg7 4. 0-0 e5 5. d3 Nc6 6. e4 Nge7 7. Nc3 d4 8. Nd5 0-0 9. c4 dxc3 10. Nxc3 h6 11. Be3 Be6 12. a3 a5 13. Rc1 Qd7 14. Qd2 Kh7 15. Qc2 Rfd8 16. Rfd1 Rac8 17. Nb5 Bg4 18. Rd2 g5 19. Ne1 Ng6 20. Nc3 Nd4 21. Bxd4 exd4 22. Nd5 Be6 23. Qc5 b6 24. Qc6 Qxc6 25. Rxc6 Bxd5 26. exd5 Ne7 27. Rc1 Nxd5 28. Bxd5 Rxd5 29. Rc6 Bf8 30. g4 Rc5 31. Rc2 Bd6 32. R2xc5 bxc5 33. Ra6 Rb8 34. Rxa5 Rxb2 35. Ra4 Bf4 36. Nf3 Rb3 37. Rc4 Rxd3 0-1

[Event "WchT Blitz Pool B"]
[Site "London"]
[Date "2025.06.14"]
[Round "2.4"]
[White "Vidit, Santosh Gujrathi"]
[Black "Stewart, Ashley"]
[Result "1-0"]
[WhiteElo "2720"]
[BlackElo "2093"]
[PlyCount "71"]
[EventDate "2025.06.14"]
[EventType "team-tourn"]
[EventRounds "13"]
[EventCountry "ENG"]
[SourceTitle "CB25_2025"]
[SourceDate "2025.06.18"]
[SourceVersion "1"]
[SourceVersionDate "2025.06.18"]
[SourceQuality "1"]
[WhiteTeam "Hexamind Team"]
[BlackTeam "Hammersmith"]
[WhiteTeamCountry "USA"]
[BlackTeamCountry "ENG"]

1. d4 Nf6 2. Nf3 g6 3. b3 Bg7 4. Bb2 c5 5. dxc5 Qa5+ 6. Nbd2 Qxc5 7. e3 0-0 8. c4 d6 9. Be2 Nc6 10. 0-0 Bf5 11. a3 a5 12. Nd4 Nxd4 13. exd4 Qb6 14. Rc1 Ne4 15. Nf3 Nf6 16. d5 Rfe8 17. Nd4 Bd7 18. Bf3 h5 19. h3 Nh7 20. Qd2 Bf6 21. Rce1 Bg5 22. Qd3 Bf6 23. Bc3 Ng5 24. Bd1 e5 25. dxe6 Nxe6 26. Nf3 Bxc3 27. Qxc3 Nc5 28. Ng5 Bf5 29. Qf6 Qc7 30. Bf3 Qd7 31. Bd5 Ne6 32. Re3 Ng7 33. Bxf7+ Kh8 34. Bxe8 Rxe8 35. Rfe1 Rc8 36. Re7 1-0

[Event "WchT Blitz Pool B"]
[Site "London"]
[Date "2025.06.14"]
[Round "8.3"]
[White "Vujatovic, Rajko"]
[Black "Vidit, Santosh Gujrathi"]
[Result "0-1"]
[WhiteElo "2222"]
[BlackElo "2720"]
[PlyCount "68"]
[EventDate "2025.06.14"]
[EventType "team-tourn"]
[EventRounds "13"]
[EventCountry "ENG"]
[SourceTitle "CB25_2025"]
[SourceDate "2025.06.18"]
[SourceVersion "1"]
[SourceVersionDate "2025.06.18"]
[SourceQuality "1"]
[WhiteTeam "Sassy Seniors"]
[BlackTeam "Hexamind Team"]
[WhiteTeamCountry "ENG"]
[BlackTeamCountry "USA"]

1. e4 c5 2. Nf3 d6 3. Bb5+ Nd7 4. c3 Ngf6 5. Qe2 a6 6. Ba4 b5 7. Bc2 Bb7 8. d4 e6 9. 0-0 Be7 10. Bg5 Qc7 11. Bd3 h6 12. Bh4 0-0 13. Nbd2 Rfe8 14. Rfc1 Nh5 15. Bxe7 Rxe7 16. Qe3 Rc8 17. Nf1 Nhf6 18. Ng3 Ree8 19. a4 bxa4 20. Rxa4 cxd4 21. Nxd4 d5 22. Raa1 dxe4 23. Nxe4 Nd5 24. Qg3 Nf4 25. Re1 f5 26. Nd2 Bxg2 27. Nxe6 Rxe6 28. Rxe6 Nxe6 29. Kxg2 Nf4+ 30. Kg1 Nc5 31. Bf1 Rd8 32. Nc4 Ne4 33. Qh4 Kh7 34. Ne3 g5 0-1

[Event "WchT Rapid"]
[Site "London"]
[Date "2025.06.11"]
[Round "4.4"]
[White "Vidit, Santosh Gujrathi"]
[Black "Saric, Ivan"]
[Result "1-0"]
[WhiteElo "2650"]
[BlackElo "2597"]
[PlyCount "95"]
[EventDate "2025.06.11"]
[EventType "team-swiss"]
[EventRounds "12"]
[EventCountry "ENG"]
[SourceTitle "CB25_2025"]
[SourceDate "2025.06.18"]
[SourceVersion "1"]
[SourceVersionDate "2025.06.18"]
[SourceQuality "1"]
[WhiteTeam "Hexamind Team"]
[BlackTeam "Malcolm's Mates"]
[WhiteTeamCountry "USA"]
[BlackTeamCountry "ENG"]

1. d4 Nf6 2. Nf3 g6 3. b3 Bg7 4. Bb2 0-0 5. e3 d5 6. Be2 c5 7. dxc5 Na6 8. Bxa6 Qa5+ 9. Nbd2 bxa6 10. 0-0 Qxc5 11. c4 dxc4 12. Nxc4 Bb7 13. Nfe5 Rfd8 14. Qe2 Qd5 15. f3 Qe6 16. Rad1 Nd5 17. e4 Nb6 18. Rxd8+ Rxd8 19. Rd1 Qc8 20. Rxd8+ Qxd8 21. Na5 Qc7 22. Nd3 Bc8 23. Bxg7 Kxg7 24. Qb2+ f6 25. Qc1 Qd6 26. Qc3 Be6 27. Nb7 Qa3 28. Qc7 Bf7 29. Nbc5 Qxa2 30. Qxe7 Qa1+ 31. Kf2 g5 32. Qxa7 Qd4+ 33. Ke2 Qd6 34. Qxa6 h5 35. h3 g4 36. hxg4 hxg4 37. fxg4 Be6 38. Qb7+ Kh6 39. g5+ fxg5 40. e5 Bg4+ 41. Kd2 Qd8 42. Qc6+ Kh5 43. Qd6 Nd7 44. e6 Qa5+ 45. b4 Qa2+ 46. Ke3 Nf6 47. e7 Qe2+ 48. Kd4 1-0

[Event "Chess.com Classic Play In"]
[Site "Chess.com INT"]
[Date "2025.05.19"]
[Round "7"]
[White "Atabayev, Saparmyrat"]
[Black "Vidit, Santosh Gujrathi"]
[Result "0-1"]
[WhiteElo "2515"]
[BlackElo "2720"]
[PlyCount "84"]
[EventDate "2025.05.19"]
[EventType "swiss (blitz)"]
[EventRounds "9"]
[EventCountry "USA"]
[SourceTitle "CB21_2025"]
[SourceDate "2025.05.21"]
[SourceVersion "1"]
[SourceVersionDate "2025.05.21"]
[SourceQuality "1"]

1. e4 e5 2. Nf3 Nc6 3. Bc4 Bc5 4. c3 Nf6 5. d3 d6 6. 0-0 Bb6 7. Nbd2 0-0 8. Re1 Ng4 9. Re2 Kh8 10. h3 Nh6 11. Nf1 f5 12. exf5 Bxf5 13. Bd5 Qf6 14. Ng3 Be6 15. Bxe6 Qxe6 16. d4 Qg6 17. Be3 Rxf3 18. gxf3 exd4 19. Bxh6 d3 20. Re3 Qxh6 21. Qxd3 Qxh3 22. Rae1 Ne5 23. Qe4 Rf8 24. Qxb7 h5 25. f4 Rxf4 26. Qh1 Qxh1+ 27. Nxh1 Bxe3 28. Rxe3 h4 29. Kg2 Rg4+ 30. Kh2 Ra4 31. Rh3 g5 32. a3 Re4 33. Kg2 Re2 34. b3 Kg7 35. c4 Rb2 36. c5 d5 37. b4 d4 38. Kf1 d3 39. Ke1 g4 40. Re3 Nf3+ 41. Kf1 Rb1+ 42. Kg2 Rg1# 0-1

[Event "Chessable Masters Play In"]
[Site "Chess.com INT"]
[Date "2025.02.17"]
[Round "7"]
[White "Atabayev, Saparmyrat"]
[Black "Vidit, Santosh Gujrathi"]
[Result "1-0"]
[WhiteElo "2516"]
[BlackElo "2721"]
[PlyCount "93"]
[EventDate "2025.02.17"]
[EventType "swiss (blitz)"]
[EventRounds "9"]
[EventCountry "USA"]
[SourceTitle "CB08_2025"]
[SourceDate "2025.02.19"]
[SourceVersion "1"]
[SourceVersionDate "2025.02.19"]
[SourceQuality "1"]

1. e4 c5 2. Nf3 d6 3. d4 cxd4 4. Nxd4 Nf6 5. Nc3 a6 6. Bg5 e6 7. f4 Nbd7 8. Bc4 h6 9. Bxf6 Nxf6 10. Qe2 Qa5 11. 0-0-0 Qh5 12. Nf3 Be7 13. e5 dxe5 14. fxe5 Nd7 15. h3 Qg6 16. g4 h5 17. Bd3 Qh6+ 18. g5 Bxg5+ 19. Kb1 Be7 20. h4 b5 21. Be4 Ra7 22. Rhg1 Rc7 23. Qd3 Nc5 24. Qd4 0-0 25. Ng5 Rd7 26. Qf2 Rxd1+ 27. Rxd1 b4 28. Bh7+ Kh8 29. Nce4 Nxe4 30. Bxe4 Bxg5 31. Qc5 Rg8 32. hxg5 Qxg5 33. Rf1 Rd8 34. Qc7 Rf8 35. Qc5 Rg8 36. b3 f6 37. Rh1 g6 38. Qe7 Qxe5 39. Bf3 Qf5 40. Be2 e5 41. Bc4 Qf3 42. Rf1 Qb7 43. Qxf6+ Rg7 44. Qxe5 Bf5 45. Rxf5 gxf5 46. Qe8+ Kh7 47. Qxh5# 1-0

[Event "Chessable Masters Play In"]
[Site "Chess.com INT"]
[Date "2025.02.17"]
[Round "1"]
[White "Demidov, Mikhail"]
[Black "Vidit, Santosh Gujrathi"]
[Result "0-1"]
[WhiteElo "2549"]
[BlackElo "2721"]
[PlyCount "84"]
[EventDate "2025.02.17"]
[EventType "swiss (blitz)"]
[EventRounds "9"]
[EventCountry "USA"]
[SourceTitle "CB08_2025"]
[SourceDate "2025.02.19"]
[SourceVersion "1"]
[SourceVersionDate "2025.02.19"]
[SourceQuality "1"]

1. d4 Nf6 2. Nf3 e6 3. e3 b6 4. Bd3 Bb7 5. 0-0 d5 6. b3 Bd6 7. Bb2 0-0 8. Nbd2 Nbd7 9. c4 Ne4 10. Rc1 Qe7 11. Qc2 f5 12. Ne5 Nxe5 13. dxe5 Bc5 14. Bd4 Ba3 15. Bb2 Bxb2 16. Qxb2 Rad8 17. Nf3 Nc5 18. Be2 f4 19. Rcd1 fxe3 20. fxe3 a5 21. Rd4 dxc4 22. bxc4 Rf5 23. Rxd8+ Qxd8 24. Qd4 Qe7 25. Rd1 Rf8 26. h3 h6 27. Kh2 Bc6 28. Kg1 Ne4 29. Kh2 Qa3 30. Nh4 Nc3 31. Rd3 Qxa2 32. Bg4 Ne4 33. Bxe6+ Kh7 34. Bd5 Bxd5 35. cxd5 Nc5 36. Rd2 Qb1 37. d6 cxd6 38. exd6 Rf1 39. d7 Qe1 40. g4 Rh1+ 41. Kg2 Qf1+ 42. Kg3 Rxh3# 0-1

[Event "London Classic Superblitz Final"]
[Site "London"]
[Date "2024.12.07"]
[Round "3"]
[White "Stefansson, Vignir Vatnar"]
[Black "Vidit, Santosh Gujrathi"]
[Result "1/2-1/2"]
[WhiteElo "2537"]
[BlackElo "2727"]
[PlyCount "116"]
[EventDate "2024.12.07"]
[EventType "tourn (blitz)"]
[EventRounds "7"]
[EventCountry "ENG"]
[EventCategory "17"]
[SourceTitle "CB04_2025"]
[SourceDate "2025.01.22"]
[SourceVersion "1"]
[SourceVersionDate "2025.01.22"]
[SourceQuality "1"]

1. d4 d5 2. c4 c6 3. cxd5 cxd5 4. Nc3 Nf6 5. Bf4 Nc6 6. e3 Bf5 7. Nf3 e6 8. Qb3 Bb4 9. Ne5 Bxc3+ 10. Qxc3 Nxe5 11. Bxe5 0-0 12. Be2 Rc8 13. Qa3 a6 14. 0-0 Rc6 15. Rac1 Qd7 16. Rc5 Ne4 17. Rxc6 Qxc6 18. f3 Nd2 19. Rd1 Qc2 20. Qc3 Qxc3 21. bxc3 Nb1 22. Rc1 Rc8 23. c4 Na3 24. c5 Bg6 25. Rc3 Nb5 26. Bxb5 axb5 27. Rb3 f6 28. Bd6 Be8 29. Ra3 Bc6 30. Kf2 Kf7 31. Ke2 g5 32. Rb3 Ra8 33. a3 h5 34. Kd3 Re8 35. g3 e5 36. dxe5 fxe5 37. f4 exf4 38. exf4 gxf4 39. Bxf4 Re4 40. Rb2 Ra4 41. Rb3 Ke6 42. Bd2 Ra8 43. Bb4 Rf8 44. Ke2 d4 45. Rb1 Rf7 46. Rf1 d3+ 47. Ke1 Rxf1+ 48. Kxf1 Kf5 49. Kf2 Ke4 50. h4 Bd7 51. Bd2 Bg4 52. Bb4 Kd4 53. Bd2 Kxc5 54. Ke3 Kc4 55. Bb4 Be2 56. Kd2 Bg4 57. Ke3 Be2 58. Kd2 Bg4 1/2-1/2

[Event "London Classic 14th"]
[Site "London"]
[Date "2024.12.03"]
[Round "5"]
[White "Royal, Shreyas"]
[Black "Vidit, Santosh Gujrathi"]
[Result "1/2-1/2"]
[WhiteElo "2520"]
[BlackElo "2739"]
[PlyCount "97"]
[EventDate "2024.11.29"]
[EventType "tourn"]
[EventRounds "7"]
[EventCountry "ENG"]
[EventCategory "16"]
[SourceTitle "CB50_2024"]
[SourceDate "2024.11.01"]
[SourceVersion "1"]
[SourceVersionDate "2024.11.01"]
[SourceQuality "2"]

1. d4 d5 2. Nf3 Nf6 3. Bf4 e6 4. e3 Bd6 5. Ne5 0-0 6. Bd3 c5 7. c3 Qc7 8. Nd2 a5 9. h4 a4 10. a3 Nc6 11. Ndf3 Ne4 12. Ng5 cxd4 13. Nxc6 bxc6 14. Bxe4 dxe4 15. Bxd6 Qxd6 16. Nxe4 Qd5 17. Qxd4 Rb8 18. Qxa4 f5 19. Ng3 Qxg2 20. Qc2 Rd8 21. c4 c5 22. h5 h6 23. Rf1 e5 24. Rd1 Be6 25. Rxd8+ Rxd8 26. Nxf5 Qg5 27. Ng3 Bg4 28. Ne4 Qf5 29. f3 Bxf3 30. Qe2 Qxe4 31. Rxf3 Qb1+ 32. Kf2 Qc1 33. Kg3 Rd1 34. Rf2 Re1 35. Qd2 Rg1+ 36. Kf3 Qxc4 37. Qd7 e4+ 38. Kf4 Rg5 39. Qe8+ Kh7 40. a4 Qc1 41. Qxe4+ Kh8 42. Qa8+ Kh7 43. Qe4+ Kh8 44. Qe8+ Kh7 45. Qe4+ Kh8 46. Qa8+ Kh7 47. Qe4+ Kh8 48. Qe8+ Kh7 49. Qe4+ 1/2-1/2

[Event "Tata Steel India Blitz"]
[Site "Kolkata"]
[Date "2024.11.17"]
[Round "15"]
[White "Dubov, Daniil"]
[Black "Vidit, Santosh Gujrathi"]
[Result "0-1"]
[WhiteElo "2693"]
[BlackElo "2739"]
[PlyCount "72"]
[EventDate "2024.11.16"]
[EventType "tourn (blitz)"]
[EventRounds "18"]
[EventCountry "IND"]
[EventCategory "20"]
[SourceTitle "CB47_2024"]
[SourceDate "2024.11.20"]
[SourceVersion "1"]
[SourceVersionDate "2024.11.20"]
[SourceQuality "1"]

1. d4 d5 2. Nf3 Nf6 3. c4 c6 4. cxd5 cxd5 5. Nc3 Nc6 6. Bf4 Ne4 7. e3 e6 8. Bd3 g5 9. Bg3 Nxg3 10. hxg3 h6 11. g4 Bg7 12. a3 Bd7 13. Ne2 Qb6 14. Ng3 Qxb2 15. 0-0 Qb6 16. Nh5 0-0 17. Bc2 Qa6 18. Ne5 Nxe5 19. dxe5 Bxe5 20. f4 Bh8 21. fxg5 hxg5 22. Rf6 Rfc8 23. Rh6 Qd6 24. Rb1 Qe5 25. Qd3 Kf8 26. Rxb7 Rxc2 27. Rxh8+ Qxh8 28. Qxc2 Rc8 29. Qd2 Qa1+ 30. Kf2 Ba4 31. Qb4+ Kg8 32. Qxa4 Qc1 33. Qd4 Rc2+ 34. Kg3 Qe1+ 35. Kh2 Qh4+ 36. Kg1 Rc1+ 0-1

[Event "Tata Steel India Blitz"]
[Site "Kolkata"]
[Date "2024.11.17"]
[Round "12"]
[White "Vidit, Santosh Gujrathi"]
[Black "Abdusattorov, Nodirbek"]
[Result "0-1"]
[WhiteElo "2739"]
[BlackElo "2777"]
[PlyCount "100"]
[EventDate "2024.11.16"]
[EventType "tourn (blitz)"]
[EventRounds "18"]
[EventCountry "IND"]
[EventCategory "20"]
[SourceTitle "CB47_2024"]
[SourceDate "2024.11.20"]
[SourceVersion "1"]
[SourceVersionDate "2024.11.20"]
[SourceQuality "1"]

1. e4 e5 2. Nf3 Nc6 3. Bb5 Nf6 4. d3 Bc5 5. c3 d5 6. Nbd2 dxe4 7. dxe4 Qe7 8. 0-0 0-0 9. b4 Bd6 10. a3 Nd8 11. Bd3 Bg4 12. Nc4 Bh5 13. Ne3 Bg6 14. Re1 a5 15. Rb1 axb4 16. cxb4 c5 17. b5 Ne6 18. Nc4 Bh5 19. Be3 Nd4 20. Bxd4 cxd4 21. a4 Bxf3 22. Qxf3 Rxa4 23. Ra1 Rfa8 24. Rxa4 Rxa4 25. Qf5 g6 26. Qc8+ Kg7 27. Nxd6 Qxd6 28. Qxb7 Qb4 29. Rf1 Ra3 30. Be2 Ra2 31. Bf3 Rb2 32. Qc7 Qxb5 33. h3 d3 34. Ra1 Rb1+ 35. Rxb1 Qxb1+ 36. Kh2 d2 37. Qd6 Qe1 38. Kg3 d1Q 39. Qxd1 Nxe4+ 40. Kh2 Qxd1 41. Bxd1 Nxf2 42. Bc2 e4 43. g4 Kf6 44. Kg3 Nd3 45. Bb3 e3 46. Bd1 Ke5 47. Kf3 Kd4 48. g5 Nc1 49. Ba4 e2 50. Kf2 Kd3 0-1

[Event "Tata Steel India Blitz"]
[Site "Kolkata"]
[Date "2024.11.17"]
[Round "17"]
[White "Vidit, Santosh Gujrathi"]
[Black "Narayanan, Sunilduth Lyna"]
[Result "1-0"]
[WhiteElo "2739"]
[BlackElo "2647"]
[PlyCount "71"]
[EventDate "2024.11.16"]
[EventType "tourn (blitz)"]
[EventRounds "18"]
[EventCountry "IND"]
[EventCategory "20"]
[SourceTitle "CB47_2024"]
[SourceDate "2024.11.20"]
[SourceVersion "1"]
[SourceVersionDate "2024.11.20"]
[SourceQuality "1"]

1. d4 Nf6 2. c4 e6 3. Nc3 Bb4 4. e3 0-0 5. Bd3 d5 6. Nf3 a6 7. 0-0 dxc4 8. Bxc4 b5 9. Bd3 Bb7 10. a4 bxa4 11. Nxa4 Nbd7 12. Qe2 c5 13. Rd1 cxd4 14. exd4 a5 15. Bg5 h6 16. Bh4 Be7 17. Ne5 Nxe5 18. dxe5 Nd5 19. Bg3 g6 20. Be4 Kg7 21. h3 Bc6 22. Bxd5 exd5 23. e6 Bf6 24. exf7 Rxf7 25. Nc5 Qe7 26. Qc2 Kh7 27. Re1 Qd8 28. Ne6 Qb6 29. Nf4 Rg8 30. Re2 a4 31. h4 h5 32. Nxh5 Bxb2 33. Rae1 a3 34. Re7 Rgf8 35. Nf4 Ba8 36. R1e6 1-0